书目信息 |
| 题名: |
中国最美的地方
|
|
| 作者: | ;亲历者编辑部 编著 | |
| 分册: | 绚丽新疆 | |
| 出版信息: | 北京 中国铁道出版社 2019.02 |
|
| 页数: | 201页 | |
| 开本: | 24cm | |
| 丛书名: | 亲历者 | |
| 单 册: | ||
| 中图分类: | K928.9 , K928.945 | |
| 科图分类: | ||
| 主题词: | 旅游指南--lu^ you zhi nan--中国 , 旅游指南--lu^ you zhi nan--新疆 | |
| 电子资源: | ||
| ISBN: | 978-7-113-25072-0 | |
| 000 | 01297nam 2200325 450 | |
| 001 | CAL 0120192686448 | |
| 005 | 20230303120243.73 | |
| 010 | @a978-7-113-25072-0@dCNY48.00 | |
| 100 | @a20190222d2019 em y0chiy0120 ea | |
| 101 | 0 | @achi |
| 102 | @aCN@b110000 | |
| 105 | @aa z 000yy | |
| 106 | @ar | |
| 200 | 1 | @a中国最美的地方@Azhong guo zui mei de di fang@i绚丽新疆@f《亲历者》编辑部编著 |
| 205 | @a第3版 | |
| 210 | @a北京@c中国铁道出版社@d2019.02 | |
| 215 | @a201页@c彩图@d24cm | |
| 225 | 2 | @a亲历者@Aqin li zhe@i360°全景旅行 |
| 225 | 2 | @a亲历者旅行指南@Aqin li zhe lu^ xing zhi nan@i人书旅行 |
| 330 | @a本书是一本既可以细细品味美景, 又可以直观欣赏美景的旅游散文书。这本书精心甄选新疆最美丽、最特色、最值得一看的景点。以优美的文字将绝美的景色立体的映射在旅者的脑海里, 以精美的图片将如画的景致直面的平铺在旅者的眼底。本书分为体验、都市、故城、幽景、炫景、风物六章。 | |
| 410 | 0 | @12001 @a亲历者@i360°全景旅行 |
| 410 | 0 | @12001 @a亲历者旅行指南@i人书旅行 |
| 517 | 1 | @a绚丽新疆@Axuan li xin jiang |
| 606 | 0 | @a旅游指南@Alu^ you zhi nan@y中国 |
| 606 | 0 | @a旅游指南@Alu^ you zhi nan@y新疆 |
| 690 | @aK928.9@v5 | |
| 690 | @aK928.945@v5 | |
| 711 | 02 | @a亲历者编辑部@Aqin li zhe bian ji bu@4编著 |
| 801 | 0 | @aCN@bBJXHZP@c20230228 |
| 905 | @b1386613-6@dK928.9@e1245=3@f4 | |
| 中国最美的地方.绚丽新疆/《亲历者》编辑部编著.-第3版.-北京:中国铁道出版社,2019.02 |
| 201页:彩图;24cm.-(亲历者.360°全景旅行).-(亲历者旅行指南.人书旅行) |
| ISBN 978-7-113-25072-0:CNY48.00 |
| 本书是一本既可以细细品味美景, 又可以直观欣赏美景的旅游散文书。这本书精心甄选新疆最美丽、最特色、最值得一看的景点。以优美的文字将绝美的景色立体的映射在旅者的脑海里, 以精美的图片将如画的景致直面的平铺在旅者的眼底。本书分为体验、都市、故城、幽景、炫景、风物六章。 |
| ● |
| 相关链接 |
|
|
|
|
正题名:中国最美的地方
索取号:K928.9/1245=3
 
预约/预借
| 序号 | 登录号 | 条形码 | 馆藏地/架位号 | 状态 | 备注 |
| 1 | 1386613 | 213866137 | 第二样本阅览室/ [索取号:K928.9/1245=3] | 在馆 | |
| 2 | 1386614 | 213866146 | 第二借阅区/ [索取号:K928.9/1245=3] | 在馆 | |
| 3 | 1386615 | 213866155 | 第二借阅区/ [索取号:K928.9/1245=3] | 在馆 | |
| 4 | 1386616 | 213866164 | 第二借阅区/ [索取号:K928.9/1245=3] | 在馆 |